Statistics for Sports That Don't Use a Ball

Click here to take the quiz!

General Stats

  • This quiz has been taken 42,457 times
    (42,327 since last reset)
  • The average score is 13 of 20

Answer Stats

Description Sport % Correct
Backstroke, breaststroke etc...Swimming
95%
Robin Hood's favorite activityArchery
89%
Win by points, TKO, or KOBoxing
88%
Uses a half-pipe and rampsSkateboarding
84%
Uses a shuttlecockBadminton
82%
Skimming on the snow or waterSkiing
81%
Stones, ice and broomsCurling
80%
Sport played in British pubsDarts
77%
Chasing the checkered flagAuto Racing
74%
Jesse Owens' forteTrack and Field
73%
Put the biscuit in the basketHockey
72%
Win by pinWrestling
53%
Cliff-jumping, refinedDiving
52%
Gabby Douglas's sportGymnastics
46%
Played with an epeeFencing
45%
The hippie version of football?Ultimate
44%
America's Cup eventSailing
43%
A peregrine will come in handyFalconry
30%
Golf, but not with a ballDisc Golf
28%
Sport recently banned in EnglandFox Hunting
19%

Score Distribution

Percentile by Number Answered

Percent of People with Each Score

Your Score History

You have not taken this quiz since the last reset